01090nam a22002297a 450000500170000000800410001702000180005804100080007604400070008408200180009111000640010924500840017326000290025730000370028650400410032350501270036450500920049150501000058365000600068365000760074365000410081920171128112709.0090226m2011 ck a gru 00010 spa d a97895893838101 aspa ack04a001.42 bI17t2 aInstituto Colombiano de Normas Técnicas y Certificación10aTrabajos escritos : bpresentación y referencias bibliográficas /cICONTEC.3 aBogotábIcontec,c2011 a36, 33, 23 p. : bil. ; c30 cm. aIncluye referencias bibliográficas aNTC 1486 Documentación. Presentación de tesis, trabajos de grado y otros trabajos de investigación (parte I - 36 p) aNTC 5613 Referencias bibliográficas. Contenido, forma y estructura (parte II - 33 p) aNTC 4490 Referencias documentales para fuentes de información elecrónica (parte III - 23 p) 6aTesis y disertaciones académicasx Normas técnicas. 6aTesis y disertaciones académicasx Metodologíax Normas técnicas. 6aBibliografíasx Normas técnicas.